00402nam a2200145 a 450000500170000000800410001705000210005810000200007924500590009930000290015852100070018765000240019470000210021870000170023920140310183240.0041028s19uu xx 00 eng d aP 90b.Ag35 1997 aAgee, Warren K. aIntroduction to mass communications. /cWarren K. Agee a574 p. :bill. ;c26 cm. aMC aMass communication. aAult, Phillip H. aEmery, Edwin